000 00815cab a2200265 4500
001 WB3247-17
008 090401t1996 xxu||||| |||| 00| 0 eng d
035 _a(Sirsi) u69364
041 _aeng
245 _aProperty benchmark study
260 _c1996
350 _a0
490 _aFinancial Times
_v10 December 1996, 24(1)
520 _aKPMG has published a report on the performance of listed property companies. The study is designed to provide a series of benchmarks to compare property companies against.
650 _aBARBER WHITE
650 _aBENCHMARKING
650 _aKPMG
650 _aPERFORMANCE
650 _aPROPERTY COMPANIES
650 _aPROPERTY INVESTMENT
650 _aTRANSPARENCY
690 _aPROPERTY-PROPERTY FINANCE AND INVESTMENT
942 _n0
948 _c04/03/1997
999 _c43566
_d43566